Logos de marcas #6 - Estadísticas

Estadísticas generales
  • Esta prueba ha sido intentada 3.123 veces
  • La puntuación promedio es 14 de 20
Estadísticas de respuestas
Imagen Respuesta % Correcto
Coca-Cola
99%
Tiktok
99%
Fanta
98%
Doritos
97%
Lays
96%
WhatsApp
94%
Dove
91%
Nickelodeon
85%
Marvel Comics
76%
Vodafone
75%
El Corte Inglés
74%
Mercadona
72%
Nerf
62%
Lipton
61%
IBM
49%
Harley-Davidson
48%
Versace
46%
Blockbuster
42%
Ligue 1
20%
Tigo
13%
No se encontraron pruebas coincidentes
Distribución de puntuación
Porcentaje de gente con cada puntuación
Porcentaje por número respondido
Historial de tus puntuaciones
No has intentado esta prueba.